| 000 | 00868nam a2200229Ia 4500 | ||
|---|---|---|---|
| 003 | GCL | ||
| 008 | 140319s9999 xx 000 0 ara d | ||
| 020 | _a7488800977 | ||
| 040 |
_aGCL / _cGCL |
||
| 082 | 0 | 4 |
_a621.384131 _bف س |
| 100 | 1 | _aفاروق محمد العامرى | |
| 245 | 1 | 0 |
_aالسكرتير الالى= THE AUTOMATIC SECRETARY : _bنظرية العمل الدوائر التفصيلية الصيانة والاصلاح / _cفاروق محمد العامرى |
| 260 |
_aالقاهرة : _bالدار المصرية اللبنانية ، _c1993 |
||
| 300 |
_a117 ص: _bايض ؛ _c24 سم |
||
| 490 | _a | ||
| 650 | 0 | 4 | _aادارة الاعمال |
| 650 | 0 | 4 | _aالاجهزة الالكترونية |
| 650 | 0 | 4 | _aالدوائر الالكترونية |
| 650 | 0 | 4 | _aالسكرتارية |
| 650 | 0 | 4 | _aالالكترونيات |
| 942 |
_2ddc _cBK |
||
| 999 |
_c36179 _d36179 |
||